000 00741nam a2200277 a 4500
001 75996
003 BD-RjUL
005 20211209082756.0
008 191001s1966 nyua b 000 0 eng
035 _a(BD-RjUL)76215
035 _a(OCoLC)204186
040 _aDLC
_cOClU
_dOCoLC
_dUk
_dDLC
_dBD-RjUL
_beng
041 _aeng
042 _apremarc
082 _223
_a658.787
_bNAI 1966
100 1 _aNaddor, Eliezer.
_9233349
245 1 0 _aInventory systems /
_cEliezer Naddor.
260 _aNew York:
_bWiley,
_cc1966.
300 _axiv, 341 p.:
_billus.;
_c24 cm.
504 _aBibliography: p. 329-332.
650 0 _aInventories.
_9233350
942 _2ddc
_cBK
999 _c75996
_d75996